उम्र लगी है / (Record no. 213652)

MARC details
000 -LEADER
fixed length control field 00729nam a22001937a 4500
005 - DATE AND TIME OF LATEST TRANSACTION
control field 20251021121340.0
010 ## - LCCN (DPL NO)
LC control number HIN-129952
020 ## - INTERNATIONAL STANDARD BOOK NUMBER
International Standard Book Number 9789391546427
Terms of availability 200.00
035 ## - SYSTEM CONTROL NUMBER
System control number HN-102298
037 ## - SOURCE OF ACQUISITION
Source of stock number/acquisition DBAD
082 ## - DEWEY DECIMAL CLASSIFICATION NUMBER
Classification number 821
100 ## - MAIN ENTRY--PERSONAL NAME
Personal name जलेसरी,जीतू
245 ## - TITLE STATEMENT
Title उम्र लगी है /
Statement of responsibility, etc जीतू जलेसरी
260 ## - PUBLICATION, DISTRIBUTION, ETC. (IMPRINT)
Place of publication, distribution, etc नई दिल्ली
Name of publisher, distributor, etc शब्दाकुर प्रकाशक
Date of publication, distribution, etc 2022
270 ## - ADDRESS
Address जे-41,मदनगीर
City नई दिल्ली
Postal code 110062
300 ## - PHYSICAL DESCRIPTION
Extent 127 पृ.
Dimensions 17.2 सेमी (अजिल्द )
700 ## - ADDED ENTRY--PERSONAL NAME
Personal name गाँधी, प्रेमचंद
9 (RLIN) 83165
942 ## - ADDED ENTRY ELEMENTS (KOHA)
Source of classification or shelving scheme Dewey Decimal Classification
Item type Hindi Books
Classification part 821
Call number suffix जलेस
Holdings
Withdrawn status Lost status Not for loan Collection code Home library Current library Date acquired Source of acquisition Cost, normal purchase price Full call number Barcode Cost, replacement price Koha item type
      Non-fiction Mobile Library Mobile Library 21/10/2025 DBAD 200.00 821 जलेस HN-102298 200.00 Hindi Books

© Delhi Public Library
Hit Counter
free hit counter